Chansons les plus streamées : Clara Luciani - Statistiques

Statistiques générales
  • Ce quiz a été pris 131 fois
    28 depuis la dernière actualisation
  • Le résultat moyen est 5 sur 10
Statistiques - réponses
Nb de streams Chanson % Correct
104 000 000 La grenade
100%
44 000 000 Le reste
77%
53 000 000 Respire encore
77%
26 500 000 Ma soeur
62%
31 500 000 Amour toujours
54%
27 500 000 La baie
46%
16 500 000 Bravo tu as gagné
42%
47 000 000 Nue
42%
23 500 000 Tout le monde (sauf toi)
27%
15 500 000 Toi mon amour (avec Marc Lavoine)
4%
Aucun quiz correspondant
Distribution des résultats
% des personnes avec chaque résultat
Percentile par nombre de réponses
Votre historique - résultats
Vous n’avez pas pris ce quiz depuis la dernière actualisation